I have a strategy (no you don''t) : The illustrated guide to strategy

Salvato in:
Dettagli Bibliografici
Autore principale:  Malham, Howell Jr
Natura: Sách
Lingua:Undetermined
Pubblicazione:  Jossey-Bass  2013
Soggetti:
Tags: Aggiungi Tag
Nessun Tag, puoi essere il primo ad aggiungerne! !
Thư viện lưu trữ: Trung tâm Thư viện - Trường Đại học Công nghiệp TP. Hồ Chí Minh
LEADER 00540nam a2200157Ia 4500
001 UIH_04579
008 231011s9999 xx 000 0 und d
082 |a  658.4012 
100 |a  Malham, Howell Jr 
245 0 |a  I have a strategy (no you don''t) : The illustrated guide to strategy 
245 0 |c  Malham, Howell Jr 
260 |b  Jossey-Bass 
260 |c  2013 
650 |a  Lập kế hoạch chiến lược;  
927 |a Sách 
980 |a Trung tâm Thư viện - Trường Đại học Công nghiệp TP. Hồ Chí Minh